000 00784nam a2200277 i 4500
001 C2-0092596
003 PPAK
005 20180727092801.0
008 970513s1992 my a|||| ||||| | may d
020 _a9679522091
040 _aPPAK
_beng
_cPPAK
_erda
082 0 4 _a899.233
_223
090 0 0 _a899.233
_bABA
_dG
090 0 0 _a899.233
_bABA
_dK
100 0 _aAbang Putera,
_eauthor
245 1 0 _aBatu api semua kawan lari
264 1 _aPetaling Jaya, Selangor :
_bKompas ,
_c1992
300 _a24 pages :
_billustrations ;
_c21 cm
336 _2rdacontent
_atext
337 _2rdamedia
_aunmediated
338 _2rdacarrier
_avolume
490 1 _aSiri cerita simpulan bahasa
650 1 0 _aChildren's stories, Malay
830 0 _aSiri cerita simpulan bahasa
942 _ddc
_cB
999 _c19818
_d19818